Statistics for Pokémon names that end with U

Click here to take the quiz!

General Stats

  • This quiz has been taken 116 times
    (65 since last reset)
  • The average score is 6 of 19

Answer Stats

GenPokémon% Correct
IRaichu
78%
IPikachu
59%
IStaryu
51%
IVRiolu
51%
IIRaikou
49%
IIPichu
41%
IIChinchou
27%
IIXatu
27%
VIIIUrshifu
24%
IINatu
22%
VIIMimikyu
20%
IIISwablu
20%
VIIPyukumuku
20%
IVPachirisu
17%
VIIIKubfu
17%
VIITogedemaru
17%
VIFurfrou
12%
VIIOranguru
12%
VIITapu Bulu
12%

Score Distribution

Percentile by Number Answered

Percent of People with Each Score

Your Score History

You have not taken this quiz since the last reset